米小圈脑筋急转弯(幼儿版)/ (Record no. 10026)

MARC details
000 -LEADER
fixed length control field 00845nam a22001937a 4500
001 - CONTROL NUMBER
control field 10026
003 - CONTROL NUMBER IDENTIFIER
control field FISKH
005 - DATE AND TIME OF LATEST TRANSACTION
control field 20260401110343.0
008 - FIXED-LENGTH DATA ELEMENTS--GENERAL INFORMATION
fixed length control field 260330b cb ||||| |||| 00| 0 eng d
020 ## - INTERNATIONAL STANDARD BOOK NUMBER
International Standard Book Number 9787536574397
040 ## - CATALOGING SOURCE
Original cataloging agency FISKH
Language of cataloging chi
Transcribing agency FISKH
Modifying agency FISKH
082 ## - DEWEY DECIMAL CLASSIFICATION NUMBER
Classification number 818
100 ## - MAIN ENTRY--PERSONAL NAME
Personal name 北猫 编著
245 ## - TITLE STATEMENT
Title 米小圈脑筋急转弯(幼儿版)/
Statement of responsibility, etc. By 北猫 编著
300 ## - PHYSICAL DESCRIPTION
Extent 135 pages :
Other physical details color illutrations ;
Dimensions 17 cm .
520 ## - SUMMARY, ETC.
Summary, etc. 《米小圈脑筋急转弯‑机灵小神童》是 米小圈脑筋急转弯 系列中的一本儿童益智书。全书通过三个关卡故事串联谜题,围绕调皮可爱的米小圈展开。关卡设计既幽默又富有趣味性,旨在 鼓励孩子开动脑筋、培养逻辑思维和创造力,在阅读过程中体验思考的乐趣。
942 ## - ADDED ENTRY ELEMENTS (KOHA)
Source of classification or shelving scheme Dewey Decimal Classification
Koha item type Chinese Book
Suppress in OPAC No
Holdings
Withdrawn status Lost status Source of classification or shelving scheme Damaged status Not for loan Collection Home library Current library Shelving location Date acquired Total Checkouts Full call number Barcode Date last seen Price effective from Koha item type
    Dewey Decimal Classification     Reference Footprints International School Library Network Toul Tom Poung Campus Footprints International School Library Network Toul Tom Poung Campus Librarian's Shelf TTP 03/30/2026   北猫 编著 818 2026-0408 03/30/2026 03/30/2026 Books